Science Quiz

Random Science or Elements Quiz

'S' Elements Quiz Stats

 Plays Quiz Updated Feb 20, 2020

Support Sporcle.
Go Orange.
Score 0/9 Timer 01:30
0 Plays Today
Element % Correct
sulfur
82.1%
silicon
73%
selenium
68%
sodium
67.2%
silver
64.1%
strontium
57.3%
scandium
48.2%
seaborgium
35.9%
samarium
30.9%

From the Vault

Match 'Em Up Blitz - NFL

by betraisefold

Sports 7m
We'd rather play a Sporcle blitz, than defend one in the NFL.
Remove Ads.
Support Sporcle.
Get the best of Sporcle when you Go Orange. This ad-free experience offers more features, more stats, and more fun while also helping to support Sporcle. Thank you for becoming a member.

Show Comments

Extras

Top Quizzes Today


Score Distribution

Your Account Isn't Verified!

In order to create a playlist on Sporcle, you need to verify the email address you used during registration. Go to your Sporcle Settings to finish the process.

Report this User

Report this user for behavior that violates our Community Guidelines.

Details: